000 00614nam a22001817a 4500
005 20180419100613.0
010 _aENG-122512
020 _a9788183764193
_c925.00
035 _aEN-106044
037 _bDBAD/PUB
082 _a401
100 _aGupta, J.P.
245 _aA new approach to modern linguistic theory /
_cby J.P. Gupta
260 _aNew Delhi
_bABD Publishers
_c2013
270 _aB.O. 102, Ist Floor, Satyam House, 4327/3, Ansari Road, Darya Ganj.
_bNew Delhi
_e110002
_k011-45652440
_mabdpublishersjpr@yahoo.in
300 _a264p.
_bill.
_c21cm.(Hb)
942 _2ddc
_cEN
_mGUP
_h401
999 _c150860
_d150860